000
00324nam a2200133Ia 4500
008
150201s2011 xx 000 0 und d
082
_a
616.07
_b
P11A
100
_a
AHLUMALIA , C.
245
_a
SMARTSTUDY SERIES- PATHOLOGY
260
_b
ELSEVIER
_a
DELHI
_c
2011
300
_a
1-744
650
_a
PATHOLOGY
942
_2
ddc
_c
BK
_0
3
999
_c
1290
_d
1290